Loading...
Literature - British Literature | 0 | 7 | 2 | 1 | 60 | 92 | 122.29 | 1 | 2 |
Literature - American Literature | 0 | 6 | 0 | 1 | 60 | 116 | 141.00 | 0 | 0 |
Literature - World Literature | 0 | 5 | 0 | 0 | 50 | 101 | 125.00 | 0 | 1 |
Literature - European Literature | 1 | 3 | 1 | 0 | 40 | 26 | 100.75 | 1 | 1 |
Philosophy | 0 | 4 | 2 | 0 | 30 | 101 | 123.00 | 0 | 0 |
History - Other History | 0 | 3 | 0 | 1 | 30 | 95 | 117.67 | 0 | 1 |
Fine Arts - Other Arts | 0 | 2 | 1 | 0 | 15 | 137 | 138.50 | 0 | 0 |
History - American History | 1 | 0 | 0 | 0 | 15 | 64 | 64.00 | 0 | 1 |
Other Academic | 1 | 0 | 0 | 0 | 15 | 75 | 75.00 | 0 | 1 |
Fine Arts - Painting and Sculpture | 0 | 1 | 0 | 1 | 10 | 167 | 167.00 | 0 | 0 |
Religion | 0 | 1 | 0 | 0 | 10 | 135 | 135.00 | 0 | 0 |
Other Culture | 0 | 1 | 0 | 1 | 10 | 143 | 143.00 | 0 | 0 |
Social Science | 0 | 1 | 0 | 0 | 10 | 120 | 120.00 | 0 | 0 |
Other Science (Astronomy) | 0 | 0 | 0 | 0 | 0 | 0.00 | 0 | 0 | |
Mythology | 0 | 2 | 4 | 0 | 0 | 149 | 156.00 | 0 | 0 |
History - World History | 0 | 0 | 2 | 0 | -10 | 0.00 | 0 | 0 |